000 00599nam a22002057a 4500
003 OSt
005 20260421024457.0
008 260421b |||||||| |||| 00| 0 eng d
020 _a0-675-06618-2
040 _aDWC-Main lib.
_cOC
082 _aCirc. 500 S27 1990
100 _aFeather, Ralph M. Jr.
245 _aScience connections/
_cRalph M. Feather Jr.
260 _aU.S.A. :
_bMerrill pub. company,
_cc1990
300 _ax 566 p. :
_billustration ;
_c26 cm.
504 _aInclude index.
700 _aOrtleb, Edward P.
700 _aBlume, Stephen C.
942 _2ddc
_cBK-CIRC
_hCirc.
_n0
999 _c9528
_d9528